00476nam a22001457a 450000500170000000800410001702000150005804100130007308200120008610000130009824501110011126000570022230000260027965000250030520231123101420.0231123b |||||||| |||| 00| 0 eng d a1868882454 aEnglish  a342 CON lEnglish  aThe Constitution At Work : b10 years of Namibian nationhood / cedited by MO Hinz, SK Amoo and D Van Wyk  aSouth Africa : bVerLoren van Themaat Centre, c2003 b393 pages ; c25 cm.  aLegal practice bLaw